00824nam a22002177a 4500003000400000005001700004008004100021020001900062040002400081082002000105100002300125245006800148260005000216300002600266650005300292650004900345700003000394942002600424952013900450999001700589OSt20260505064715.0260505b |||||||| |||| 00| 0 eng d a971-08-5652-9. aDWCL Main Lib. cOC a336.2 A118 2006 aAban, Benjamin B.  aThe law of basic taxation in the Philippines/cBenjamin B. Aban aPhilippines : bNational Book Store, cc2006. axv, 579 p. ; c23 cm. a1. Tax administration and procedure-Philippines. a2. Taxation-Law and legislation-Philippines. aDe Leon-Tomacruz, Alicia  2ddccBK-FILhFil. n0 00102ddc4070aDWCLCOLbDWCLCOLcFild2006-11-08eSchool Fundl0o336.2 A118 2006pCL44116r2026-05-05tc1w2026-05-05yBK-FIL0@u c10257d10257